000
00341nam a22001457a 4500
008
221010b ||||| |||| 00| 0 eng d
020
_a
0471788740
041
_a
eng
080
_2
SIXTH EDITION
_a
610.
082
_a
610
100
_a
5
101
_a
MJEK
245
_a
THE SYSTEMATIC IDENTIFICATION OF ORAGANIC
_c
SHRINER
942
_2
udc
_c
BK
999
_c
58457
_d
58457